|
|
|
|
| LEADER |
01332nam a2200301 a 4500 |
| 001 |
2368 |
| 003 |
BD-DhAAL |
| 005 |
20150618094809.0 |
| 008 |
150618s1992 enk b 001 0 eng |
| 010 |
|
|
|a 91016824
|
| 020 |
|
|
|a 0415071313
|
| 020 |
|
|
|a 0415071321 (pbk.)
|
| 040 |
|
|
|a DLC
|c DLC
|d DLC
|d BD-DhAAL
|
| 050 |
0 |
0 |
|a HQ1240.5.D44
|b G46 1992
|
| 082 |
0 |
0 |
|a 305.42/09172/4
|2 20
|
| 245 |
0 |
0 |
|a Gender and development :
|b a practical guide /
|c edited by Lise Østergaard ; based on a study prepared for the Directorate-General for Development Commission of the European Communities.
|
| 260 |
|
|
|a London ;
|a New York :
|b Routledge,
|c 1992.
|
| 300 |
|
|
|a xiv, 220 p. ;
|c 23 cm.
|
| 500 |
|
|
|a Simultaneously published in the USA and Canada.
|
| 504 |
|
|
|a Includes bibliographical references (p. [198]-213) and index.
|
| 650 |
|
0 |
|a Women in development
|z Developing countries.
|9 8602
|
| 650 |
|
0 |
|a Sex role
|z Developing countries.
|9 10202
|
| 650 |
|
0 |
|a Economic development projects
|z Developing countries.
|9 10306
|
| 700 |
1 |
|
|a Østergaard, Lise.
|9 12241
|
| 710 |
2 |
|
|a Commission of the European Communities.
|b Directorate-General Development.
|9 12242
|
| 942 |
|
|
|2 ddc
|c BK
|
| 999 |
|
|
|c 34772
|d 34772
|
| 952 |
|
|
|0 0
|1 0
|2 ddc
|4 0
|6 305_420917240000000_GEN
|7 0
|9 54392
|a SCL
|b SCL
|c GEN
|d 2015-06-18
|l 0
|o 305.42091724 GEN
|p 3020002368
|r 2015-06-18
|t 1
|w 2015-06-18
|y BK
|